Представление документа в формате MARC21

Поле Инд. ПП Название Значение
Тип записи a
Библиографический уровень b
001 Контрольный номер RU/IS/BASE/457109484
005 Дата корректировки 20200528185505.1
008 Кодируемые данные 20140626
040 b Код языка каталог. rus
e Правила каталог. PSBO
041 0_ a Код языка текста rus
084 a Индекс другой классификации/Индекс ББК 65.245(2Рос)в6; 65.261.94(2Рос)
100 1_ a Автор Лукьянова А. Л.
q Полное имя Лукьянова Анна Львовна
245 10 a Заглавие Неравенство заработков: фактор неформальности (2000 - 2010 гг.)
504 a Библиография Лит. в конце статьи
520 0_ a Аннотация Изучается эволюция неравенства в заработках формально и неформально занятых в 2000 - 2010. Дифференциация заработков была существенно выше среди неформально занятых. Показано, что неформальность оказывает значимое, но сравнительно небольшое по величине влияние на распределение заработков, уступая таким факторам как пол, образование, регион, место проживания. За 10 лет уровень неравенства снизился как в формальной, так и в неформальной занятости. В формальной занятости причиной снижения неравенства было сокращение дифференциации часовых заработков. В неформальной занятости сокращение неравенства шло по двум каналам - сократились различия в часовых ставках и в продолжительности рабочего времени. Снижение уровня неравенства связано со снижением внутригруппового неравенства, однако учитывалось и сокращение доли работников без постоянной работы.
650 a Основная рубрика личные финансы
a Основная рубрика оплата труда
a Основная рубрика финансы
a Основная рубрика экономика
a Основная рубрика экономика труда
653 1_ a Ключевые слова декомпозиция
a Ключевые слова дифференциация заработной платы
a Ключевые слова занятость
a Ключевые слова заработная плата
a Ключевые слова неравенство по заработной плате
a Ключевые слова неформальная занятость
a Ключевые слова почасовая заработная плата
a Ключевые слова продолжительность рабочего времени
a Ключевые слова рабочее время
a Ключевые слова Россия
a Ключевые слова рынок труда
a Ключевые слова социально-демографические группы
a Ключевые слова формальная занятость
773 0_ t Заглавие источника Экономический журнал ВШЭ
d Дата издания источника 2013
g Прочая информация Т. 17, № 2. - С. 212 - 238 : табл., граф., расчет.
w Контрольный № источника RU/IS/BASE/425146877
901 t Тип документа b